Normal view
MARC view
- Fazal Kareem Farani
Entry Personal Name
001 - CONTROL NUMBER
- control field: 16462
003 - CONTROL NUMBER IDENTIFIER
- control field: NUST
005 - DATE AND TIME OF LATEST TRANSACTION
- control field: 20190703053508.0
008 - FIXED-LENGTH DATA ELEMENTS
- fixed length control field: 190703|| aca||aabn | a|a d
040 ## - CATALOGING SOURCE
- Original cataloging agency: NUST
- Transcribing agency: NUST
100 ## - HEADING--PERSONAL NAME
- Personal name: Fazal Kareem Farani
670 ## - SOURCE DATA FOUND
- Source citation: Work cat.: (NUST): Fazal Kareem Farani, Islami Asool e Sehat /, 1991.
